000
00286nam a22001337a 4500
008
170213b xxu||||| |||| 00| 0 eng d
020
_a
9781416024200
041
_a
eng
080
_2
10ED
_a
61
100
_a
4
101
_a
SHM
245
_a
MEDICAL ASSISTANT
_c
YOUNG.P
942
_2
udc
_c
BK
999
_c
5221
_d
5221